|
|
|
|
| LEADER |
00800pam a22002538a 4500 |
| 001 |
00025327 |
| 005 |
20171026081022.0 |
| 008 |
110803s1991 ||||||engsd |
| 041 |
0 |
# |
|a eng
|
| 082 |
1 |
4 |
|a 330.15
|b TH200W
|
| 100 |
1 |
# |
|a Smith, Adam
|
| 245 |
1 |
4 |
|a The Wealth of nations
|c Adam Smith
|
| 260 |
# |
# |
|a London
|b David Campbell publishers
|c 1991
|
| 300 |
# |
# |
|a XLIII,620 p.
|c 21 cm.
|
| 490 |
# |
# |
|a Everyman's library
|
| 504 |
# |
# |
|a Includes bibliographical references (p. XXXII - XXXIII)
|
| 650 |
# |
4 |
|a Cận đại
|
| 650 |
# |
4 |
|a Lịch sử kinh tế
|
| 650 |
# |
4 |
|a Tư tưởng kinh tế
|
| 650 |
# |
4 |
|a Êcốt
|
| 852 |
# |
# |
|b Kho đọc
|j KD.0008436
|
| 852 |
# |
# |
|j KD.0008436
|
| 910 |
|
|
|d 03/08/2011
|
| 980 |
# |
# |
|a Trung tâm Học liệu Lê Vũ Hùng, Trường Đại học Đồng Tháp
|